000 00570nam a2200193 i 4500
001 27007
003 ES-MaACL
005 20251114150612.0
007 t|
008 030113s1973 sp ||||1| spa d
100 1 _aAsimov, Isaac.
_923610
245 1 0 _a¿Hay alguién ahí? /
_cIsaac Asimov ; traducción del inglés Miguel Giménez Sales.
250 _a[1ª ed.].
260 _a[Barcelona :
_bPicazo,
_c1973]
300 _a390 p. ;
_c18 cm.
700 1 _aGiménez Sales, Miguel,
_d1922-
_957067
852 _aES-MaACL
_jC-53703
_bR.86596
999 _c27007
_d27007